Uplatnenie fotografie na webových stránkách-vybrané aspekty

Použitie fotografie na webovej stránke znamená jej zverejnenie. navyše, ak sa jedná o webovú stránku firmy, môže mať použitá fotografia, jej kvalita a estetická úroveň, dopad na imidž firmy. Preto by sa pri tvorbe fotografií s takýmto uplatnením mal brať zreteľ na určité technické a estetické zásady...

Description complète

Enregistré dans:
Détails bibliographiques
Auteur principal: Poláček, Marian
Format: Chapitre de livre
Langue:slovaque
Sujets:
Tags: Ajouter un tag
Pas de tags, Soyez le premier à ajouter un tag!

MARC

LEADER 00000naa$a2200000$$$4500
001 0067973
005 20240502071821.5
041 0 |a slo 
044 |a SK 
245 1 0 |a Uplatnenie fotografie na webových stránkách-vybrané aspekty  |c Marián Poláček 
520 |a Použitie fotografie na webovej stránke znamená jej zverejnenie. navyše, ak sa jedná o webovú stránku firmy, môže mať použitá fotografia, jej kvalita a estetická úroveň, dopad na imidž firmy. Preto by sa pri tvorbe fotografií s takýmto uplatnením mal brať zreteľ na určité technické a estetické zásady. 
610 2 0 |a fotografia 
610 2 0 |a stránky webové 
610 2 0 |a imidž 
610 2 0 |a firmy 
100 1 |a Poláček, Marian